G56-杭瑞高速公路途径行政区 - Statistics

General Stats
  • This quiz has been taken 20 times
  • The average score is 18 of 25
Answer Stats
Answer % Correct
杭州
100%
黄山
100%
上饶
100%
景德镇
94%
上饶
88%
九江
88%
黄石
81%
岳阳
81%
咸宁
75%
益阳
75%
常德
75%
怀化
69%
湘西州
69%
铜仁
69%
遵义
69%
毕节
69%
六盘水
69%
曲靖
63%
昆明
63%
楚雄州
63%
玉溪
50%
保山
50%
德宏州
50%
楚雄州
44%
大理州
44%
No matching quizzes found
Score Distribution
Percent of People with Each Score
Percentile by Number Answered
Your Score History
You have not taken this quiz